| 000 | 00505nam a2200157 4500 | ||
|---|---|---|---|
| 999 |
_c2578 _d2578 |
||
| 001 | 3193 | ||
| 005 | 20190909105723.0 | ||
| 008 | 190909b ||||| |||| 00| 0 eng d | ||
| 020 | 0 | 0 | _a9789993615101 |
| 090 | 0 | 0 | _a495.456 D999b 2011 |
| 245 | 0 | 0 |
_aརྫོང་ཁའི་དུས་གསུམ་རབ་གསལ། _cDzongkha Development Commission. |
| 260 | 0 | 0 |
_aThimphu : _bDzongkha Development Commission, _c2011. |
| 300 | 0 | 0 | _a132 p. |
| 650 | 0 | 0 | _aDzongkha language --Verb. |
| 942 |
_2ddc _cDZONGKHA |
||